Chocolate days, popsicle weeks / (Record no. 132181)

MARC details
000 -LEADER
fixed length control field 00605nam a22002297a 4500
005 - DATE AND TIME OF LATEST TRANSACTION
control field 20170124110151.0
010 ## - LIBRARY OF CONGRESS CONTROL NUMBER
LC control number 744617
020 ## - INTERNATIONAL STANDARD BOOK NUMBER
Terms of availability 00.00
035 ## - SYSTEM CONTROL NUMBER
System control number 744617
037 ## - SOURCE OF ACQUISITION
Source of stock number/acquisition Cen Lib/Ret
040 ## - CATALOGING SOURCE
Original cataloging agency DPL
Language of cataloging EN
082 ## - DEWEY DECIMAL CLASSIFICATION NUMBER
Classification number N
Item number HAN
100 ## - MAIN ENTRY--PERSONAL NAME
Personal name Hannibal, Edward
9 (RLIN) 33919
245 ## - TITLE STATEMENT
Title Chocolate days, popsicle weeks /
Statement of responsibility, etc by Edward Hannibal
260 ## - PUBLICATION, DISTRIBUTION, ETC. (IMPRINT)
Place of publication, distribution, etc Boston
Name of publisher, distributor, etc Houghton Mifflin Company
Date of publication, distribution, etc 1970
270 ## - ADDRESS
Address Boston
City Boston
300 ## - PHYSICAL DESCRIPTION
Extent 376p.
Dimensions 21cm(Hb)
650 ## - SUBJECT ADDED ENTRY--TOPICAL TERM
Topical term or geographic name as entry element Nineteen sixties
9 (RLIN) 31009
650 ## - SUBJECT ADDED ENTRY--TOPICAL TERM
Topical term or geographic name as entry element Man-woman relationships
9 (RLIN) 23183
700 ## - ADDED ENTRY--PERSONAL NAME
9 (RLIN) 33767
942 ## - ADDED ENTRY ELEMENTS (KOHA)
Source of classification or shelving scheme Dewey Decimal Classification
Koha item type English Books
Classification part N
Call number suffix HAN
Holdings
Withdrawn status Lost status Damaged status Not for loan Home library Current library Date acquired Source of acquisition Cost, normal purchase price Total Checkouts Full call number Barcode Date last seen Copy number Cost, replacement price Price effective from Koha item type Public note
Written off       Central Library Central Library 21/07/2015 Cen Lib/Ret 0.00   N HAN 744617 21/07/2015 1 0.00 21/07/2015 English Books W/d List No. 6861/5 ; dtd 06/08/2020

© Delhi Public Library
Hit Counter
free hit counter